Una universidad humanista : (Registro nro. 4930)
[ vista simple ]
| 000 -LEADER | |
|---|---|
| fixed length control field | 01165nam a2200253Ia 4500 |
| 003 - CONTROL NUMBER IDENTIFIER | |
| control field | OSt |
| 005 - DATE AND TIME OF LATEST TRANSACTION | |
| control field | 20200402130601.0 |
| 008 - FIXED-LENGTH DATA ELEMENTS--GENERAL INFORMATION | |
| fixed length control field | 191128s2013 ck gr 001 0 spa d |
| 020 ## - INTERNATIONAL STANDARD BOOK NUMBER | |
| International Standard Book Number | 9789588572994 |
| 040 ## - CATALOGING SOURCE | |
| Original cataloging agency | CO-JMCR |
| Transcribing agency | CO-JMCR |
| 041 0# - LANGUAGE CODE | |
| Language code of text/sound track or separate title | spa |
| 082 04 - DEWEY DECIMAL CLASSIFICATION NUMBER | |
| Classification number | 144 / |
| Item number | U53u |
| 100 1# - MAIN ENTRY--PERSONAL NAME | |
| Personal name | Molano Camargo, Milton, |
| Relator term | autor |
| 9 (RLIN) | 2437 |
| 245 10 - TITLE STATEMENT | |
| Title | Una universidad humanista : |
| Remainder of title | lecturas para pensar, decidir y servir / |
| Statement of responsibility, etc. | Milton Molano Camargo |
| 250 ## - EDITION STATEMENT | |
| Edition statement | primera edición |
| 260 ## - PUBLICATION, DISTRIBUTION, ETC. | |
| Place of publication, distribution, etc. | Bogotá : |
| Name of publisher, distributor, etc. | Universidad de La Salle, |
| Date of publication, distribution, etc. | 2013 |
| 300 ## - PHYSICAL DESCRIPTION | |
| Extent | 461 páginas ; |
| Dimensions | 23 cm. |
| 490 0# - SERIES STATEMENT | |
| Series statement | Colección Pensamiento Lasallista |
| 500 ## - GENERAL NOTE | |
| General note | Incluye datos biográficos del autor. |
| 505 ## - FORMATTED CONTENTS NOTE | |
| Formatted contents note | Referencias conceptuales para el ser de la universidad -- Pedagogía lasallista universitaria -- la investigación lasallista en la universidad -- El acompañamiento lasallista en acción |
| 520 ## - SUMMARY, ETC. | |
| Summary, etc. | Este homenaje a uno de los pensadores lasallista más importantes en los últimos cincuenta años de historia de la universidad de la Salle, Bogotá, debe leerse como un libro de historia en su sentido más pleno. |
| 650 14 - SUBJECT ADDED ENTRY--TOPICAL TERM | |
| Topical term or geographic name entry element | Humanismo |
| General subdivision | Ideología |
| 9 (RLIN) | 2438 |
| 942 ## - ADDED ENTRY ELEMENTS (KOHA) | |
| Source of classification or shelving scheme | Dewey Decimal Classification |
| Koha item type | Books |
| Withdrawn status | Lost status | Source of classification or shelving scheme | Materials specified (bound volume or other part) | Damaged status | Not for loan | Home library | Current library | Date acquired | Source of acquisition | Cost, normal purchase price | Total Checkouts | Full call number | Barcode | Date last seen | Date last checked out | Copy number | Price effective from | Koha item type |
|---|---|---|---|---|---|---|---|---|---|---|---|---|---|---|---|---|---|---|
| Dewey Decimal Classification | Donación--15/04/2018-- | Biblioteca Pública José María del Castillo y Rada | Biblioteca Pública José María del Castillo y Rada | 11/28/2019 | Donación | 0.00 | 1 | 144 / U53 | 430001020 | 04/30/2025 | 04/29/2025 | Ej.1 | 11/28/2019 | Books |